LEADER 01280nam a2200241 i 4500 001 000000194184 003 CaOOAMICUS 005 20101108000000.0 008 101108n it u000 u ita u 013 $a172832 040 $aSeMil$bita 245 13$aLa pace :$bda Giovanni 23. a Paolo 6. : riflessioni del Cardinale Maurice Roy, in occasione del decimo anniversario dell'Enciclica «Pacem in terris». 260 $aTorino-Leumann :$bElle Di Ci,$c[19--?] 300 $a61 p. ;$c19 cm. 490 0 $aMaestri della fede : collana di magistero episcopale ;$v56 650 4$aGiovanni XXIII - Encicliche . Pacem in terris - Meditazioni.$0(OLS)http://semarc/subject/36469 700 1 $aRoy, Maurice .$0(OLS)http://semarc/name/70585 830 0$aMaestri della fede. Esperienze ;$v56.$0(OLS)http://semarc/title/420007 850 $aSeMil 852 $aSeMil$W1$xVenegono$y1$m5A XII 1/49 =$j144758$B144758$CSeMilBibl$Z2$F156177 $81 961 $aOmaggio: Altro 996 $6245$aLa pace :$bda Giovanni 23. a Paolo 6. : riflessioni del Cardinale Maurice Roy, in occasione del decimo anniversario dell'Enciclica «Pacem in terris»$9(OLS)http://semarc/title/279987 996 $6260$aTorino-Leumann :$bElle Di Ci$9(OLS)http://semarc/publisher/30113 LEADER 00986nam a2200193 4500 001 000000351537 003 CaOOAMICUS 005 20220913142109.0 008 220913s2001 it 000 u ita r 040 $aSeMil$bita 110 0 $aConferenza Episcopale Italiana : Consiglio Episcopale Permanente.$0(OLS)http://semarc/name/7201 245 12$aL'iniziazione cristiana /$cnota pastorale [del] Consiglio Episcopale Permanente della CEI. 264 1$aMilano :$bPaoline,$c2001. 300 $av. ;$c17 cm 650 4$aIniziazione cristiana.$0(OLS)http://semarc/subject/125 774 0 $aConferenza Episcopale Italiana : Consiglio Episcopale Permanente$t2: Orientamenti per l'iniziazione dei fanciulli e dei ragazzi dai 7 ai 14 anni.$dMilano : Paoline, 2001.$b3. Edizione$kVoce delle chiese locali [Paoline]$z88-315-1839-9$w()351538 996 $6245$aL'iniziazione cristiana$9(OLS)http://semarc/title/134144 996 $6264$aMilano :$bPaoline$9(OLS)http://semarc/publisher/29684